A course of modern analysis : (Record no. 543711)
[ view plain ]
| 000 -LEADER | |
|---|---|
| fixed length control field | 00744cam a2200193 i 4500 |
| 082 ## - DEWEY DECIMAL CLASSIFICATION NUMBER | |
| Classification number | 515 |
| Author Mark | WHI |
| -- | L-2 , P-38 |
| 100 1# - MAIN ENTRY--PERSONAL NAME | |
| Personal name | Whittaker, E. T. |
| 9 (RLIN) | 39182 |
| 245 12 - TITLE STATEMENT | |
| Title | A course of modern analysis : |
| Remainder of title | an introduction to the general theory of infinite processes and of analytic functions : with an account of the principal transcendental functions / |
| Statement of responsibility, etc. | by E.T. Whittaker and G.N. Watson. |
| 250 ## - EDITION STATEMENT | |
| Edition statement | 4th ed. |
| 260 ## - PUBLICATION, DISTRIBUTION, ETC. | |
| Place of publication, distribution, etc. | Cambridge [Cambridgeshire] : |
| Name of publisher, distributor, etc. | University Press, |
| Date of publication, distribution, etc. | 1927 |
| 300 ## - PHYSICAL DESCRIPTION | |
| Extent | 608 p. ; |
| Dimensions | 27 cm. |
| 526 ## - STUDY PROGRAM INFORMATION NOTE | |
| Program name | 0 |
| Interest level | 0 |
| Reading level | 0 |
| Title point value | 515_000000000000000_WHI |
| 650 #0 - SUBJECT ADDED ENTRY--TOPICAL TERM | |
| Topical term or geographic name entry element | Functions. |
| 9 (RLIN) | 11020 |
| 650 #0 - SUBJECT ADDED ENTRY--TOPICAL TERM | |
| Topical term or geographic name entry element | Harmonic analysis. |
| 9 (RLIN) | 39183 |
| 650 #0 - SUBJECT ADDED ENTRY--TOPICAL TERM | |
| Topical term or geographic name entry element | MCE |
| 9 (RLIN) | 379 |
| 650 #0 - SUBJECT ADDED ENTRY--TOPICAL TERM | |
| Topical term or geographic name entry element | Series, Infinite. |
| 9 (RLIN) | 39184 |
| 700 1# - ADDED ENTRY--PERSONAL NAME | |
| Personal name | Watson, G. N. |
| 9 (RLIN) | 39185 |
| 942 ## - ADDED ENTRY ELEMENTS (KOHA) | |
| Source of classification or shelving scheme | |
| Koha item type | Book |
| Withdrawn status | Lost status | Source of classification or shelving scheme | Damaged status | Not for loan | Permanent Location | Current Location | Date acquired | Total Checkouts | Full call number | Barcode | Date last seen | Price effective from | Koha item type |
|---|---|---|---|---|---|---|---|---|---|---|---|---|---|
| Military College of Engineering (MCE) | Military College of Engineering (MCE) | 03/31/2014 | 515 WHI | MCE-29146 | 03/31/2014 | 03/31/2014 | Book |
